000 00825caa a22002417a 4500
999 _c407723
_d407723
001 121614
003 UA-OsUOA
005 20191217170852.0
007 ta
008 20170324b un ||||| |||| 00| 0 ukr d
040 _aUA-OsUOA
_bukr
_cUA-OsUOA
_dUA-OsUOA
041 _aukr
080 _a908
090 _a908
_bМ36
100 _aМацюк О.
245 _aОстрозька папірня кінця XVI – початку XVII ст.
_cО. Мацюк
300 _aС. 37–39
650 7 _a908 Краєзнавство
_2UDC
773 0 _0357133
_9382849
_dЛьвів ІУ ім. І. Крип'якевича НАНУ 1995
_o129496
_tОстрозька давнина
_w(UA-OsUOA) 70855
_z5-7702-1006-0
942 _cBKA
_2udc
955 _a1